[Event "Quebec op U2000"]
[Site "Montreal CAN"]
[Date "2016.07.24"]
[Round "2.13"]
[White "Desmarais, Serge"]
[Black "Mok, Yuen Tak"]
[Result "0-1"]
[WhiteElo "1743"]
[BlackElo "1867"]
[PlyCount "98"]
[EventDate "2016.07.23"]
[EventType "swiss"]
[EventRounds "8"]
[EventCountry "CAN"]

1. c4 e6 2. Nc3 d5 3. cxd5 exd5 4. Nf3 Nf6 5. d4 c6 6. Bg5 Be7 7. e3 h6 8. Bxf6
Bxf6 9. Qc2 O-O 10. Bd3 Re8 11. O-O a5 12. Na4 Na6 13. a3 Bg4 14. Ne1 b5 15.
Nc5 Nxc5 16. Qxc5 Rc8 17. Nc2 Be7 18. Qc3 Bd6 19. f4 c5 20. Bxb5 cxd4 21. Qd3
Re4 22. Nxd4 Bc5 23. Rae1 Qb6 24. h3 Bxd4 25. hxg4 Rxe3 26. Rxe3 Bxe3+ 27. Kh1
d4 28. a4 Qe6 29. Qf5 Qxf5 30. gxf5 Rc2 31. g3 Rxb2 32. Rd1 Kf8 33. Rd3 Ke7 34.
Bc4 Kf6 35. Rb3 Rxb3 36. Bxb3 Kxf5 37. Kg2 f6 38. Kf3 g5 39. Bc2+ Ke6 40. f5+
Kd5 41. Bd3 h5 42. Bb5 Kc5 43. Ke4 Bf2 44. Kf3 Be1 45. g4 h4 46. Ke2 Bg3 47.
Kf3 Kb4 48. Ke4 Kc3 49. Bf1 Be5 0-1

[Event "Quebec op U2000"]
[Site "Montreal CAN"]
[Date "2016.07.24"]
[Round "2.14"]
[White "Deschamps, Richard"]
[Black "Martel, Paul"]
[Result "1-0"]
[WhiteElo "1905"]
[BlackElo "1714"]
[PlyCount "89"]
[EventDate "2016.07.23"]
[EventType "swiss"]
[EventRounds "8"]
[EventCountry "CAN"]

1. d4 Nf6 2. c4 g6 3. Nc3 Bg7 4. e4 d6 5. Be2 O-O 6. g4 e5 7. d5 c6 8. g5 Ne8
9. Qd3 Na6 10. Be3 f5 11. gxf6 Nxf6 12. O-O-O c5 13. h4 Ng4 14. Rf1 Nxe3 15.
Qxe3 Qf6 16. Nh3 h6 17. f4 Bxh3 18. fxe5 Qxe5 19. Qxh3 Rxf1+ 20. Rxf1 Rf8 21.
Rxf8+ Bxf8 22. Bg4 Nc7 23. Qf3 h5 24. Bc8 Bh6+ 25. Kc2 Qh2+ 26. Kb3 Qxh4 27. e5
Qf4 28. Qxf4 Bxf4 29. exd6 Bxd6 30. Ne4 Ne8 31. Bd7 Nf6 32. Nxf6+ Kf7 33. Ne4
Ke7 34. Bh3 b6 35. Kc2 Bf4 36. Kd3 g5 37. Ke2 g4 38. Bg2 h4 39. Nf2 g3 40. Nh3
Be5 41. b3 Kd7 42. Kf3 Ke7 43. Kg4 Kf6 44. Ng5 Kg6 45. Nf3 1-0

[Event "Quebec op U2000"]
[Site "Montreal CAN"]
[Date "2016.07.24"]
[Round "2.15"]
[White "Lamoureux, Yvon"]
[Black "Sarra-Bournet, Marc"]
[Result "1-0"]
[WhiteElo "1663"]
[BlackElo "1866"]
[PlyCount "84"]
[EventDate "2016.07.23"]
[EventType "swiss"]
[EventRounds "8"]
[EventCountry "CAN"]

1. e4 e5 2. Nf3 Nc6 3. Bb5 a6 4. Bxc6 dxc6 5. d4 exd4 6. Qxd4 Qxd4 7. Nxd4 Nf6
8. f3 c5 9. Ne2 Be6 10. Be3 Be7 11. Nd2 Rd8 12. Nf4 Bc8 13. O-O-O O-O 14. Nc4
Nd7 15. Nd5 Bd6 16. Nxd6 cxd6 17. Ne7+ Kh8 18. Rxd6 Ne5 19. Rxd8 Rxd8 20. Nxc8
Rxc8 21. Rd1 g6 22. Rd5 Nc6 23. Bxc5 Kg8 24. a3 Na5 25. Kd1 Nc6 26. Kd2 Na5 27.
b3 Nc6 28. b4 b5 29. Kd3 h5 30. Kc3 f6 31. Kb3 Rc7 32. a4 bxa4+ 33. Kxa4 Ne5
34. Kb3 Nc6 35. Rd6 a5 36. c3 axb4 37. cxb4 Ne5 38. Bd4 Rc1 39. Bxe5 fxe5 40.
Rd2 Rh1 41. h3 Rb1+ 42. Kc4 Kf7 {...} 1-0

[Event "Quebec op U2000"]
[Site "Montreal CAN"]
[Date "2016.07.24"]
[Round "2.16"]
[White "Petit, Raymond"]
[Black "Moore, Ronald"]
[Result "1-0"]
[WhiteElo "1848"]
[BlackElo "1684"]
[PlyCount "76"]
[EventDate "2016.07.23"]
[EventType "swiss"]
[EventRounds "8"]
[EventCountry "CAN"]

1. d4 f5 2. g3 Nf6 3. Bg2 d5 4. Nf3 e6 5. O-O Bd6 6. c4 c6 7. c5 Bc7 8. Nc3 O-O
9. Bf4 Bxf4 10. gxf4 Qe8 11. Ne5 Nbd7 12. Qd3 Qh5 13. Qh3 Qxh3 14. Bxh3 Nxe5
15. fxe5 Ne4 16. f4 b6 17. Nxe4 dxe4 18. Rfc1 b5 19. e3 h6 20. Kf2 g5 21. Rg1
g4 22. Bf1 Kf7 23. h3 h5 24. hxg4 fxg4 25. Rh1 Rh8 26. Be2 Bd7 27. Rh4 Rag8 28.
Rah1 Kg7 29. Rxh5 g3+ 30. Kg2 Rxh5 31. Rxh5 Kf7 32. Rh7+ Rg7 33. Rxg7+ Kxg7 34.
Kxg3 Kg6 35. Bg4 Bc8 36. Kh4 Bd7 37. Bh5+ Kf5 38. Bf7 a5 1-0

[Event "Quebec op U2000"]
[Site "Montreal CAN"]
[Date "2016.07.24"]
[Round "2.17"]
[White "Villeneuve, Benoit"]
[Black "Guan, Zi Yu"]
[Result "1-0"]
[WhiteElo "1795"]
[BlackElo "1637"]
[PlyCount "117"]
[EventDate "2016.07.23"]
[EventType "swiss"]
[EventRounds "8"]
[EventCountry "CAN"]

1. e4 c5 2. Nf3 d6 3. d4 cxd4 4. Nxd4 Nf6 5. Nc3 e5 6. Nb3 a6 7. Bg5 Be7 8. Be2
Be6 9. Qd2 Nbd7 10. O-O Qc7 11. f3 h6 12. Be3 O-O 13. Rac1 Nb6 14. Rfd1 Rfd8
15. Qe1 d5 16. exd5 Nbxd5 17. Nxd5 Nxd5 18. Bd2 b6 19. Bd3 f5 20. c4 Nf6 21.
Bc3 Bc5+ 22. Nxc5 Qxc5+ 23. Kh1 e4 24. Bxf6 gxf6 25. fxe4 fxe4 26. Qxe4 Qe7 27.
Re1 Rac8 28. Qg6+ Kf8 29. Qxh6+ Qg7 30. Qxg7+ Kxg7 31. Rxe6 Rxd3 32. Kg1 b5 33.
Rc2 Rxc4 34. Rxc4 bxc4 35. Kf2 c3 36. bxc3 Rxc3 37. Rxa6 Rc2+ 38. Kg3 Rc3+ 39.
Kg4 Rc4+ 40. Kh3 Kg6 41. Ra3 f5 42. Kg3 Kg5 43. h3 f4+ 44. Kf3 Kh4 45. Rd3 Rc2
46. Rd4 Rxa2 47. Rxf4+ Kg5 48. Re4 Kh5 49. g3 Kg5 50. h4+ Kh5 51. Re5+ Kg6 52.
g4 Kf6 53. Rf5+ Kg6 54. h5+ Kh6 55. Re5 Ra1 56. Kf4 Rb1 57. Re6+ Kg7 58. Kf5
Kf7 59. Re4 1-0

[Event "Quebec op U2000"]
[Site "Montreal CAN"]
[Date "2016.07.24"]
[Round "2.18"]
[White "Dubreuil, Raymond"]
[Black "Zumsteg, Nicolas"]
[Result "0-1"]
[WhiteElo "1637"]
[BlackElo "1793"]
[PlyCount "136"]
[EventDate "2016.07.23"]
[EventType "swiss"]
[EventRounds "8"]
[EventCountry "CAN"]

1. Nf3 Nf6 2. g3 g6 3. c4 Bg7 4. Bg2 O-O 5. Nc3 c5 6. O-O Nc6 7. a3 Rb8 8. Rb1
b6 9. b4 Bb7 10. e3 d6 11. d4 cxd4 12. exd4 e5 13. d5 Ne7 14. Re1 Ne8 15. Ng5
h6 16. Nge4 f5 17. Nd2 Nf6 18. Bb2 a6 19. a4 Rc8 20. b5 Nd7 21. bxa6 Bxa6 22.
Nb5 Bxb5 23. axb5 Nc5 24. Qc2 Qc7 25. Rec1 Kh7 26. Ra1 Ra8 27. Nb3 Ng8 28. Nd2
Nf6 29. h3 Nfd7 30. Kh2 Nb7 31. Nb3 Ndc5 32. Nd2 Na5 33. Rcb1 e4 34. Bc3 Nd3
35. Bxg7 Qxg7 36. f3 Qd4 37. Rxa5 bxa5 38. Nb3 Qf2 39. Qxf2 Nxf2 40. Re1 Nd3
41. Ra1 a4 42. Nd4 Nc5 43. Ne6 Rfc8 44. Nd4 Nb3 45. Nxb3 axb3 46. Rb1 e3 47.
Rxb3 e2 48. Rb1 Rxc4 49. Kg1 Rd4 50. Re1 Ra1 51. Kf2 Rxe1 52. Kxe1 Rxd5 53. b6
Rb5 54. b7 Rxb7 55. Kxe2 Rb2+ 56. Kf1 Kg7 57. f4 Kf6 58. Bd5 g5 59. Bf3 Rh2 60.
Bg2 g4 61. Kg1 gxh3 62. Kxh2 hxg2 63. Kxg2 Kg6 64. Kf3 Kh5 65. Kf2 Kg4 66. Kg2
h5 67. Kf2 d5 68. Kg2 d4 0-1

[Event "Quebec op U2000"]
[Site "Montreal CAN"]
[Date "2016.07.24"]
[Round "2.19"]
[White "Chevalier, Francois"]
[Black "Brunet, Guy"]
[Result "1/2-1/2"]
[WhiteElo "1779"]
[BlackElo "1625"]
[PlyCount "75"]
[EventDate "2016.07.23"]
[EventType "swiss"]
[EventRounds "8"]
[EventCountry "CAN"]

1. d4 d5 2. Bf4 Nf6 3. e3 Bf5 4. c4 c6 5. Qb3 Qb6 6. c5 Qxb3 7. axb3 Nbd7 8. h3
e6 9. b4 Be7 10. Nd2 Ne4 11. Ngf3 h6 12. Nb3 Bd8 13. b5 cxb5 14. Bxb5 a6 15.
Ne5 Nef6 16. O-O Rc8 17. Be2 O-O 18. Nxd7 Nxd7 19. Rfc1 Bc7 20. Bxc7 Rxc7 21.
Nd2 Nb8 22. f4 Nc6 23. Rc3 Rfc8 24. Nb3 Kf8 25. Na5 Nxa5 26. Rxa5 Ke7 27. b4
Be4 28. Rca3 Rb8 29. b5 axb5 30. Rxb5 Kd8 31. Rab3 Bc2 32. Ra3 Kc8 33. Ra2 Be4
34. Rb4 Bf5 35. Rb6 Rc6 36. Rb4 Rc7 37. Rb6 Rc6 38. Rb4 1/2-1/2

[Event "Quebec op U2000"]
[Site "Montreal CAN"]
[Date "2016.07.24"]
[Round "2.20"]
[White "El-Adraoui, Mourad"]
[Black "Sharpe, Michael"]
[Result "1-0"]
[WhiteElo "1768"]
[BlackElo "1617"]
[PlyCount "99"]
[EventDate "2016.07.23"]
[EventType "swiss"]
[EventRounds "8"]
[EventCountry "CAN"]

1. d4 Nf6 2. c4 e6 3. a3 d5 4. Nc3 Be7 5. e3 O-O 6. b4 b6 7. c5 c6 8. Bb2 bxc5
9. bxc5 Qa5 10. f4 Ne4 11. Qc2 Ba6 12. Bxa6 Nxa6 13. Nf3 f5 14. Ne5 Qc7 15. O-O
Nf6 16. Qa4 Nb8 17. Na2 Nfd7 18. Nxd7 Qxd7 19. Bc3 Rc8 20. Rab1 Qe8 21. Rb7 Nd7
22. Rfb1 Nf6 23. Bd2 Ne4 24. Be1 Rcb8 25. Rxb8 Rxb8 26. Rxb8 Qxb8 27. Nb4 Qb5
28. Qxb5 cxb5 29. Nc6 Kf7 30. Nxa7 Bd8 31. Nxb5 Ke8 32. c6 Bb6 33. Bb4 Kd8 34.
a4 Kc8 35. Kf1 Nf6 36. Ke2 Ne8 37. h3 Nc7 38. Bd6 Nxb5 39. axb5 Ba5 40. g4 g6
41. g5 Kd8 42. Kd3 Kc8 43. Kc2 Kd8 44. Kb3 Bd2 45. b6 Ba5 46. b7 Bc7 47. Bxc7+
Kxc7 48. Kb4 Kb8 49. Kc5 Kc7 50. Kb5 1-0

[Event "Quebec op U2000"]
[Site "Montreal CAN"]
[Date "2016.07.24"]
[Round "2.21"]
[White "Jacques, Simon"]
[Black "Kozlov, Guennadi"]
[Result "1-0"]
[WhiteElo "1625"]
[BlackElo "1747"]
[PlyCount "43"]
[EventDate "2016.07.23"]
[EventType "swiss"]
[EventRounds "8"]
[EventCountry "CAN"]

1. e4 e6 2. d4 d5 3. Nd2 Nf6 4. e5 Nfd7 5. Bd3 c5 6. c3 Nc6 7. Ne2 Qb6 8. Nf3
cxd4 9. cxd4 Bb4+ 10. Bd2 O-O 11. O-O Bxd2 12. Qxd2 f6 13. Nf4 Re8 14. Rfe1
fxe5 15. dxe5 Nf8 16. Nh5 Qd8 17. Qf4 Qe7 18. Ng5 Bd7 19. Nf6+ gxf6 20. exf6
Qb4 21. Qg3 Ng6 22. Nxh7 1-0

[Event "Quebec op U2000"]
[Site "Montreal CAN"]
[Date "2016.07.24"]
[Round "2.22"]
[White "Mathews, Theo"]
[Black "Armstrong, Robert J"]
[Result "1-0"]
[WhiteElo "1588"]
[BlackElo "1735"]
[PlyCount "103"]
[EventDate "2016.07.23"]
[EventType "swiss"]
[EventRounds "8"]
[EventCountry "CAN"]

1. e4 g6 2. d4 Bg7 3. Nc3 c5 4. Be3 Qb6 5. Nd5 Qd8 6. Qd2 Nc6 7. Nf3 cxd4 8.
Nxd4 e6 9. Nc3 a6 10. h4 h5 11. O-O-O Qa5 12. Kb1 Nge7 13. Be2 b5 14. Nb3 Qc7
15. f4 Na5 16. Nxa5 Qxa5 17. Bf3 Bxc3 18. Qxc3 Qxc3 19. bxc3 Bb7 20. Bd4 Rg8
21. Rhe1 d6 22. g4 hxg4 23. Bxg4 Rc8 24. Kb2 Rc4 25. Bf6 Rxe4 26. Rxe4 Bxe4 27.
Rxd6 Bb7 28. Be2 Bc8 29. Bf3 a5 30. Bc6+ Nxc6 31. Rxc6 Kd7 32. Rc5 b4 33. cxb4
axb4 34. Rb5 Ba6 35. Rxb4 Rc8 36. Be5 Kc6 37. a4 Rd8 38. Bd4 Kd5 39. c3 Rd7 40.
a5 Bc4 41. Ka3 Rc7 42. Rb6 Ra7 43. Kb4 Bd3 44. Rb8 Rd7 45. Rb6 Ra7 46. Be5 Rd7
47. a6 Ra7 48. Rd6+ Ke4 49. c4 Bf1 50. Rc6 Bg2 51. Bb8 Rd7 52. a7 1-0

[Event "Quebec op U2000"]
[Site "Montreal CAN"]
[Date "2016.07.24"]
[Round "3.1"]
[White "Liu, Yu Qing"]
[Black "Pare, Marc"]
[Result "0-1"]
[WhiteElo "1821"]
[BlackElo "1867"]
[PlyCount "88"]
[EventDate "2016.07.23"]
[EventType "swiss"]
[EventRounds "8"]
[EventCountry "CAN"]

1. e4 d5 2. exd5 Nf6 3. d4 Nxd5 4. c4 Nb6 5. Be3 g6 6. h3 Bg7 7. Nc3 O-O 8. Nf3
Nc6 9. Rc1 e5 10. d5 Ne7 11. Bc5 Re8 12. Be2 Nf5 13. Ne4 Nd6 14. Nxd6 cxd6 15.
Be3 f5 16. g3 Bd7 17. Qd2 Rc8 18. b3 Rc7 19. h4 Nc8 20. h5 b6 21. hxg6 hxg6 22.
Bh6 Qe7 23. Bxg7 Qxg7 24. Ng5 Qf6 25. Nh7 Qe7 26. Qh6 Qg7 27. Qg5 Kf7 28. Nf6
Rh8 29. Rxh8 Qxh8 30. Nxd7 Rxd7 31. Kd2 e4 32. Qe3 Re7 33. g4 Qb2+ 34. Rc2 Qf6
35. gxf5 gxf5 36. Qh3 Ke8 37. Qc3 Qg5+ 38. Kd1 Rh7 39. Qe3 Qg1+ 40. Kd2 Rh1 41.
Kc3 a5 42. b4 Qg7+ 43. Kd2 Qa1 44. Qc3 Qe1+ 0-1

[Event "Quebec op U2000"]
[Site "Montreal CAN"]
[Date "2016.07.24"]
[Round "3.2"]
[White "Messier, David"]
[Black "Ivakhin, Mikhail"]
[Result "0-1"]
[WhiteElo "1719"]
[BlackElo "1853"]
[PlyCount "68"]
[EventDate "2016.07.23"]
[EventType "swiss"]
[EventRounds "8"]
[EventCountry "CAN"]

1. d4 d5 2. c4 e6 3. Nc3 f5 4. Nf3 Nf6 5. Bf4 Bd6 6. e3 c6 7. Rc1 O-O 8. Be2
Qe7 9. O-O Nbd7 10. Re1 Ne4 11. cxd5 exd5 12. Qb3 Kh8 13. Bd3 h6 14. Qc2 Qf6
15. g3 g5 16. Bxd6 Nxd6 17. Kg2 Ne4 18. Qe2 Qe6 19. Ng1 Ndf6 20. f3 Nd6 21. e4
fxe4 22. fxe4 dxe4 23. Nxe4 Ng4 24. Rf1 Nf5 25. Kh1 Nge3 26. g4 Nxf1 27. Rxf1
Qd5 28. gxf5 Bxf5 29. Rxf5 Rxf5 30. Bc4 Qxd4 31. Nf3 Qd7 32. Ng3 Re8 33. Qf2
Rf4 34. Bf1 g4 0-1

[Event "Quebec op U2000"]
[Site "Montreal CAN"]
[Date "2016.07.24"]
[Round "3.3"]
[White "Brassard, Sylvain"]
[Black "Levasseur, Sylvain"]
[Result "1-0"]
[WhiteElo "1842"]
[BlackElo "1629"]
[PlyCount "83"]
[EventDate "2016.07.23"]
[EventType "swiss"]
[EventRounds "8"]
[EventCountry "CAN"]

1. d4 d5 2. c4 e6 3. Nc3 c6 4. e3 Nf6 5. Nf3 Bb4 6. Bd2 O-O 7. Bd3 dxc4 8. Bxc4
a5 9. a3 Bxc3 10. Bxc3 Ne4 11. Qc2 Nxc3 12. Qxc3 Nd7 13. O-O b5 14. Be2 Bb7 15.
b4 Nb6 16. Ne5 Nd5 17. Qb2 f6 18. Nd3 a4 19. Rac1 Kh8 20. Nc5 Bc8 21. Rfd1 Qe8
22. Nd3 Bd7 23. e4 Nb6 24. Nc5 Bc8 25. Nd3 Bd7 26. Qc3 Rc8 27. f4 Qe7 28. Nf2
f5 29. Qc5 Qd8 30. g3 Rf7 31. Nh3 fxe4 32. Ng5 Rf5 33. Qc2 h6 34. Nxe4 Rf8 35.
Nd6 Rb8 36. Bf3 Nc4 37. Nxc4 bxc4 38. Qxc4 Qb6 39. Bxc6 Rfc8 40. b5 Rc7 41.
Qxa4 Rbc8 42. Bxd7 1-0

[Event "Quebec op U2000"]
[Site "Montreal CAN"]
[Date "2016.07.24"]
[Round "3.4"]
[White "Shah, Omar"]
[Black "O'Neill, Brendon"]
[Result "1-0"]
[WhiteElo "1973"]
[BlackElo "1699"]
[PlyCount "77"]
[EventDate "2016.07.23"]
[EventType "swiss"]
[EventRounds "8"]
[EventCountry "CAN"]

1. e4 c5 2. Nf3 d6 3. d4 cxd4 4. Nxd4 Nf6 5. Nc3 a6 6. Be3 Ng4 7. Bc1 e5 8. Nb3
Qb6 9. Qe2 Be6 10. f3 Nf6 11. Be3 Qc7 12. g4 Be7 13. h4 Nc6 14. h5 b5 15. g5
Nd7 16. Bh3 Nb6 17. O-O-O Bc4 18. Qf2 Na4 19. Nd5 Bxd5 20. Rxd5 Nb4 21. Rdd1
Nxa2+ 22. Kb1 N2c3+ 23. bxc3 Qxc3 24. Bc1 Qb4 25. Rd3 Nc5 26. Qd2 Nxd3 27. Qxd3
a5 28. Qd5 O-O 29. Qd2 Qc4 30. Bf1 Qc7 31. Bb2 Rfb8 32. g6 h6 33. Qd5 Bf8 34.
Bh3 a4 35. gxf7+ Kh8 36. Nd4 exd4 37. Bxd4 b4 38. Qe6 b3 39. Qxh6# 1-0

[Event "Quebec op U2000"]
[Site "Montreal CAN"]
[Date "2016.07.24"]
[Round "3.5"]
[White "Gilbert, Erick"]
[Black "Germain, Michel"]
[Result "0-1"]
[WhiteElo "1803"]
[BlackElo "1916"]
[PlyCount "98"]
[EventDate "2016.07.23"]
[EventType "swiss"]
[EventRounds "8"]
[EventCountry "CAN"]

1. Nf3 Nf6 2. g3 d6 3. Bg2 e5 4. d3 Be7 5. O-O O-O 6. c4 c6 7. Nc3 Nbd7 8. e4
a5 9. h3 Re8 10. Nh4 Nc5 11. Na4 Ne6 12. Nf5 Bf8 13. Be3 Nd7 14. Qg4 Kh8 15.
Rac1 Qf6 16. Qd1 g6 17. Nh4 Qg7 18. Qd2 Be7 19. Nf3 f5 20. Bh6 Qg8 21. h4 Bf8
22. Be3 Nf6 23. Nh2 Nh5 24. Bb6 Be7 25. Bxa5 Bd8 26. Bxd8 Rxd8 27. b3 Nd4 28.
Nb6 Rb8 29. Nxc8 Rbxc8 30. Nf3 Ne6 31. Ng5 Rf8 32. Nxe6 Qxe6 33. Bh3 Qf7 34.
Kh2 Rce8 35. f3 Ng7 36. d4 Ne6 37. d5 Nd4 38. Bg2 f4 39. g4 h6 40. Qf2 Ra8 41.
Rc3 Ra3 42. Rd1 c5 43. Bf1 Rfa8 44. Rd2 Qc7 45. Rb2 Qa5 46. Qd2 Rxa2 47. Kh3
Qa3 48. Rxa2 Qxa2 49. Qd1 Qf2 0-1

[Event "Quebec op U2000"]
[Site "Montreal CAN"]
[Date "2016.07.24"]
[Round "3.6"]
[White "Morin, Louis"]
[Black "Mangahas, Ronald"]
[Result "1-0"]
[WhiteElo "1907"]
[BlackElo "1840"]
[PlyCount "117"]
[EventDate "2016.07.23"]
[EventType "swiss"]
[EventRounds "8"]
[EventCountry "CAN"]

1. e4 c5 2. Nf3 d6 3. c3 Nf6 4. Be2 Nc6 5. d4 cxd4 6. cxd4 e6 7. Nc3 Be7 8. O-O
O-O 9. Be3 a6 10. Rc1 Ng4 11. Bd2 h6 12. h3 Nf6 13. Be3 Qa5 14. Qd2 Re8 15. Bd3
Bd7 16. Nh2 b5 17. f4 b4 18. Ne2 e5 19. fxe5 dxe5 20. d5 Nd4 21. Nxd4 exd4 22.
Bxd4 Rac8 23. Rxc8 Bxc8 24. Qf2 Rf8 25. b3 Nd7 26. Rc1 Bf6 27. Bxf6 Nxf6 28.
Rc5 Qd8 29. Qd4 Nd7 30. Rc6 Qg5 31. Nf3 Qg3 32. Bxa6 Bxa6 33. Rxa6 Nf6 34. e5
Nh5 35. Qh4 Qxh4 36. Nxh4 Nf4 37. d6 g6 38. Nf3 Rc8 39. Kf2 Kf8 40. g3 Ne6 41.
Ra5 Ke8 42. Ra7 Rc2+ 43. Ke3 Rc3+ 44. Ke2 Rc2+ 45. Nd2 Rc3 46. Ne4 Nd4+ 47. Kd1
Rd3+ 48. Kc1 Kf8 49. Nf6 Kg7 50. Ra8 h5 51. Rg8+ Kh6 52. h4 Rc3+ 53. Kb1 Nb5
54. Ra8 Na3+ 55. Rxa3 bxa3 56. d7 Rd3 57. Kc2 Rd4 58. Kc3 Rd1 59. Kc4 1-0

[Event "Quebec op U2000"]
[Site "Montreal CAN"]
[Date "2016.07.24"]
[Round "3.7"]
[White "Perna-Fraser, David"]
[Black "Guipi Bopala, Prince Eric jr"]
[Result "1-0"]
[WhiteElo "1919"]
[BlackElo "1816"]
[PlyCount "101"]
[EventDate "2016.07.23"]
[EventType "swiss"]
[EventRounds "8"]
[EventCountry "CAN"]

1. e4 c6 2. d4 d5 3. Nc3 dxe4 4. Nxe4 Bf5 5. Ng3 Bg6 6. h4 h6 7. h5 Bh7 8. Nf3
e6 9. Bd3 Bxd3 10. Qxd3 Nf6 11. Bd2 Nbd7 12. O-O-O Be7 13. Ne4 Nxe4 14. Qxe4
Nf6 15. Qe2 O-O 16. g4 Qd5 17. c4 Qe4 18. Qxe4 Nxe4 19. Be3 Rfd8 20. Ne5 Rac8
21. f3 Ng5 22. Kc2 Bf6 23. f4 Ne4 24. Nf3 Be7 25. Rd3 c5 26. b3 b5 27. dxc5
Rxd3 28. Kxd3 Nxc5+ 29. Bxc5 bxc4+ 30. bxc4 Bxc5 31. Rb1 Bb6 32. Rb5 Rd8+ 33.
Ke4 Rc8 34. Nd2 Kf8 35. a4 Bf2 36. Kf3 Be1 37. Ne4 a5 38. Nd6 Rc6 39. c5 Bb4
40. Rb8+ Ke7 41. Rb7+ Kf8 42. Rxf7+ Kg8 43. Re7 Bxc5 44. Re8+ Kh7 45. Nf7 g6
46. hxg6+ Kg7 47. Nd8 Rb6 48. Nxe6+ Kxg6 49. Nxc5 Rb1 50. f5+ Kf7 51. Re2 1-0

[Event "Quebec op U2000"]
[Site "Montreal CAN"]
[Date "2016.07.24"]
[Round "3.8"]
[White "Villeneuve, Benoit"]
[Black "Joyal, Bruno"]
[Result "1-0"]
[WhiteElo "1795"]
[BlackElo "1925"]
[PlyCount "63"]
[EventDate "2016.07.23"]
[EventType "swiss"]
[EventRounds "8"]
[EventCountry "CAN"]

1. e4 c6 2. d4 d5 3. Nc3 dxe4 4. Nxe4 Bf5 5. Ng3 Bg6 6. Nf3 Nf6 7. Bc4 e6 8.
Bg5 Nbd7 9. O-O Qc7 10. c3 Bd6 11. Re1 h6 12. Bxf6 Nxf6 13. Ne5 Bxe5 14. Rxe5
h5 15. f3 h4 16. Nf1 Nd7 17. Rg5 Qf4 18. Qd2 Qf6 19. Qe3 Nb6 20. Bb3 O-O-O 21.
Ra5 Kb8 22. Nd2 Nd5 23. Bxd5 exd5 24. Re1 Rde8 25. Qxe8+ Rxe8 26. Rxe8+ Kc7 27.
Rxa7 h3 28. Raa8 Qg5 29. Re2 hxg2 30. Rae8 Qf5 31. Kxg2 Qc2 32. Nc4 1-0

[Event "Quebec op U2000"]
[Site "Montreal CAN"]
[Date "2016.07.24"]
[Round "3.9"]
[White "Zumsteg, Nicolas"]
[Black "Deschamps, Richard"]
[Result "1-0"]
[WhiteElo "1793"]
[BlackElo "1905"]
[PlyCount "61"]
[EventDate "2016.07.23"]
[EventType "swiss"]
[EventRounds "8"]
[EventCountry "CAN"]

1. e4 d6 2. d4 Nf6 3. Nc3 g6 4. Bc4 Bg7 5. Nge2 O-O 6. O-O Nbd7 7. Bg5 c6 8. a4
h6 9. Bh4 g5 10. Bg3 Nh5 11. f4 gxf4 12. Bh4 Nb6 13. Bb3 Bg4 14. h3 f3 15. hxg4
fxe2 16. Nxe2 Nf6 17. Nf4 c5 18. c3 Qd7 19. a5 c4 20. Bc2 Nc8 21. g5 hxg5 22.
Bxg5 Qg4 23. Bxf6 Qxd1 24. Bxd1 Bxf6 25. Nd5 Bg5 26. Be2 e6 27. Nc7 Rb8 28.
Bxc4 a6 29. Rf3 Bd8 30. Rg3+ Kh7 31. Kf2 1-0

[Event "Quebec op U2000"]
[Site "Montreal CAN"]
[Date "2016.07.24"]
[Round "3.10"]
[White "Cisse, Lamine"]
[Black "El-Adraoui, Mourad"]
[Result "0-1"]
[WhiteElo "1898"]
[BlackElo "1768"]
[PlyCount "128"]
[EventDate "2016.07.23"]
[EventType "swiss"]
[EventRounds "8"]
[EventCountry "CAN"]

1. e4 c5 2. Nf3 Nc6 3. Bc4 Na5 4. Bd3 g6 5. O-O Bg7 6. c3 e6 7. Bc2 c4 8. Qe2
Ne7 9. b4 cxb3 10. axb3 Qb6 11. b4 Nac6 12. d4 d5 13. e5 a5 14. b5 Na7 15. Bd3
Bd7 16. Na3 Rc8 17. c4 Qd8 18. c5 O-O 19. b6 Nac6 20. Nb5 Nf5 21. g4 Nh4 22. g5
Nxf3+ 23. Qxf3 Nxe5 24. dxe5 Bxb5 25. Bxb5 Rxc5 26. Rb1 Bxe5 27. Ba3 Qxg5+ 28.
Qg2 Qe7 29. Bxc5 Qxc5 30. Bd3 a4 31. Rfe1 Bg7 32. Rec1 Qd4 33. Qf3 a3 34. Rb5
Ra8 35. Bb1 a2 36. Bxa2 Rxa2 37. Rc7 f5 38. Rxb7 Be5 39. Ra7 Rxa7 40. bxa7 Qxa7
41. Qe2 Qc7 42. h3 Kf7 43. Qd2 Bf4 44. Qb4 Qd6 45. Rb7+ Kf6 46. Qd4+ Qe5 47.
Qc5 Qd6 48. Qc8 h6 49. h4 Ke5 50. Rd7 Qa3 51. Rc7 Kd4 52. Rc2 Kd3 53. Rc6 e5
54. h5 gxh5 55. Qxf5+ Kd4 56. Qxh5 Qa1+ 57. Kg2 Qe1 58. Rd6 Qe4+ 59. Kf1 Kc3
60. Qh3+ Kd2 61. Rc6 d4 62. Ra6 Qe2+ 63. Kg2 Qxa6 64. Qb3 Qg6+ 0-1

[Event "Quebec op U2000"]
[Site "Montreal CAN"]
[Date "2016.07.24"]
[Round "3.11"]
[White "Blanchet, Robert"]
[Black "Weston, Paul"]
[Result "1-0"]
[WhiteElo "1767"]
[BlackElo "1893"]
[PlyCount "139"]
[EventDate "2016.07.23"]
[EventType "swiss"]
[EventRounds "8"]
[EventCountry "CAN"]

1. e4 c5 2. Nf3 d6 3. d4 cxd4 4. Nxd4 Nf6 5. Nc3 Nc6 6. Be2 e6 7. Be3 Be7 8.
Qd2 O-O 9. O-O-O a6 10. g4 Nxd4 11. Bxd4 b5 12. Qe1 Qc7 13. g5 Nd7 14. f4 Bb7
15. Bd3 e5 16. Be3 exf4 17. Bxf4 Rac8 18. Kb1 Ne5 19. Bxe5 dxe5 20. h4 Bb4 21.
Nxb5 Qe7 22. Nc3 Bxc3 23. bxc3 Qa3 24. Ka1 Rxc3 25. Rb1 Bc8 26. Rb3 Rxb3 27.
cxb3 Be6 28. Qc1 Qd6 29. Rd1 Rc8 30. Qb2 Rd8 31. Qe2 a5 32. Bc2 Qb8 33. Rxd8+
Qxd8 34. Qb5 f6 35. Qa6 Bf7 36. Bd3 fxg5 37. hxg5 g6 38. Kb2 Qxg5 39. Qxa5 h5
40. Qc3 h4 41. a4 h3 42. Qc8+ Kg7 43. Qxh3 Qd2+ 44. Bc2 g5 45. Qc3 Qf4 46. a5
g4 47. a6 g3 48. a7 g2 49. a8=Q g1=Q 50. Qa1 Qxa1+ 51. Kxa1 Bg6 52. Qe1 Qh2 53.
Kb2 Qh8 54. Qc3 Qe8 55. Qc5 Bf7 56. b4 Qe6 57. Kc3 Kf6 58. b5 Qa2 59. Qd6+ Be6
60. Qd8+ Kf7 61. Qc7+ Ke8 62. Kb4 Qb2+ 63. Ka5 Bd7 64. Qc5 Kd8 65. Kb6 Qa1 66.
Bb3 Qb2 67. Qf8+ Be8 68. Qf6+ Kc8 69. Be6+ Bd7 70. Qf8# 1-0

[Event "Quebec op U2000"]
[Site "Montreal CAN"]
[Date "2016.07.24"]
[Round "3.12"]
[White "Lamoureux, Yvon"]
[Black "Filiatrault, Marc"]
[Result "0-1"]
[WhiteElo "1663"]
[BlackElo "1871"]
[PlyCount "54"]
[EventDate "2016.07.23"]
[EventType "swiss"]
[EventRounds "8"]
[EventCountry "CAN"]

1. e4 c5 2. Nf3 d6 3. d4 cxd4 4. Nxd4 Nf6 5. Nc3 a6 6. Bg5 e6 7. f4 Be7 8. Qf3
Qc7 9. O-O-O Nbd7 10. g4 O-O 11. Bxf6 Bxf6 12. g5 Be7 13. h4 b5 14. a3 Bb7 15.
Bh3 Nb6 16. h5 e5 17. Nf5 exf4 18. Rdg1 Nc4 19. Nd5 Bxd5 20. exd5 Ne3 21. Nxe3
fxe3 22. Qxe3 Rae8 23. h6 Bf6 24. Qf3 Be5 25. hxg7 Kxg7 26. Bf5 Qc4 27. Qh5
Qf4+ 0-1

[Event "Quebec op U2000"]
[Site "Montreal CAN"]
[Date "2016.07.24"]
[Round "3.13"]
[White "Mok, Yuen Tak"]
[Black "Jacques, Simon"]
[Result "1-0"]
[WhiteElo "1867"]
[BlackElo "1625"]
[PlyCount "79"]
[EventDate "2016.07.23"]
[EventType "swiss"]
[EventRounds "8"]
[EventCountry "CAN"]

1. e4 e6 2. Qe2 c5 3. g3 Nc6 4. Bg2 Nge7 5. Nf3 g6 6. O-O Bg7 7. c3 O-O 8. Na3
d5 9. d3 b6 10. Rd1 Ba6 11. e5 Qc7 12. Bf4 Rad8 13. Qe1 d4 14. c4 Nb4 15. Qe2
Bb7 16. Nb5 Bxf3 17. Bxf3 Qb8 18. Bg5 Rd7 19. Bf6 Nbc6 20. Bxg7 Kxg7 21. Re1
Kg8 22. a4 a6 23. Na3 Qc7 24. Bg2 Nf5 25. Qe4 Nce7 26. g4 Nh4 27. Bh1 f5 28.
exf6 Rxf6 29. g5 Rf4 30. Qxe6+ Kf8 31. Re4 Nf3+ 32. Bxf3 Rxf3 33. Rd1 Nc6 34.
Nc2 Rdf7 35. Rd2 R3f5 36. Qe8+ Kg7 37. h4 Ne5 38. Ne1 Re7 39. Qa8 Qd7 40. Rde2
1-0